000 00682nam a2200253Ia 4500
003 OSt
005 20220927105757.0
006 a|||||r|||| 00| 0
007 ta
008 220926b |||||||| |||| 00| 0 eng d
020 _a9788126521647
024 _a204020
037 _cReference Collections
040 _aRTL
_cRTL
_beng
041 _2eng
_aeng
082 _a"X:86, P3"
100 _aBURKE Rory
_9374989
245 0 _aProject management
_b Planning and control techniques
250 _a4th
260 _aNew
_b"Delhi, Wiley India, "
_c2003
300 _a"ix,373p"
_ccm.
942 _h"X:86, P3"
_cCC
999 _c694626
_d694626